Welcome to the Holygrace Academy Library

Please use search bar below to get started

MOUSEFORD ACADEMY :MOUSELETS IN DANGER (Record no. 9001)

MARC details
000 -LEADER
fixed length control field 00375nam a22001337a 4500
082 ## - DEWEY DECIMAL CLASSIFICATION NUMBER
Classification number 823
Item number STI/G
100 ## - MAIN ENTRY--AUTHOR NAME
Personal name STILTON,GERONIMO
245 ## - TITLE STATEMENT
Title MOUSEFORD ACADEMY :MOUSELETS IN DANGER
246 ## - VARYING FORM OF TITLE
Title proper/short title MOUSEFORD ACADEMY :MOUSELETS IN DANGER
Remainder of title MOUSEFORD ACADEMY :MOUSELETS IN DANGER
260 ## - PUBLICATION, DISTRIBUTION, ETC. (IMPRINT)
Place of publication LONDON
Name of publisher SCHOLASTIC
Year of publication 2023
300 ## - PHYSICAL DESCRIPTION
Number of Pages 103
650 ## - SUBJECT ADDED ENTRY--TOPICAL TERM
Topical Term ENGLISH FICTION
942 ## - ADDED ENTRY ELEMENTS (KOHA)
Koha item type Books
Holdings
Withdrawn status Lost status Collection code Home library Current library Shelving location Date acquired Source of acquisition Cost, normal purchase price Full call number Accession Number Koha item type
    Fiction Main Library Main Library SHELF 4-I GERONIMO STILTON 16/11/2024 PURCHASED 350.00 823 STI/G 13761 Books